| 000 | 02665nam a2200733uc 4500 | ||
|---|---|---|---|
| 001 | 1162224088 | ||
| 003 | DE-101 | ||
| 005 | 20250610115018.0 | ||
| 007 | cr|||||||||||| | ||
| 008 | 180704s2018 gw |||||o|||| 00||||ger | ||
| 015 |
_a18,O08 _2dnb |
||
| 016 | 7 |
_2DE-101 _a1162224088 |
|
| 020 | _a9783770498789 | ||
| 024 | 3 | _a9783770498789 | |
| 024 | 7 |
_2urn _aurn:nbn:de:101:1-2018070414144161274122 |
|
| 035 | _a(DE-599)DNB1162224088 | ||
| 035 | _a(OCoLC)1187509207 | ||
| 040 |
_a1140 _bger _cDE-101 _d1247 |
||
| 041 | _ager | ||
| 044 | _cXA-DE-BE | ||
| 082 | 7 | 4 |
_83\p _a741.5 _qDE-101 _223sdnb |
| 100 | 1 |
_aSakurai, Gamon _eVerfasser _4aut |
|
| 245 | 1 | 0 |
_aAJIN - Demi-Human 11 _cGamon Sakurai |
| 264 | 1 |
_aBerlin _bEgmont Manga.digital _c2018 |
|
| 300 | _aOnline-Ressource, 194 Seiten | ||
| 336 |
_aText _btxt _2rdacontent |
||
| 337 |
_aComputermedien _bc _2rdamedia |
||
| 338 |
_aOnline-Ressource _bcr _2rdacarrier |
||
| 500 | _aLizenzpflichtig | ||
| 583 | 1 |
_aArchivierung/Langzeitarchivierung gewährleistet _5DE-101 _2pdager |
|
| 653 | _a(Produktform)Electronic book text | ||
| 653 | _a(Zielgruppe)ab 16 Jahre | ||
| 653 | _a(Lesealter)ab 16 bis 99 Jahre | ||
| 653 | _a(BISAC Subject Heading)CGN004050 | ||
| 653 | _aunsterblich | ||
| 653 | _aNetflix | ||
| 653 | _aMumie | ||
| 653 | _aManga | ||
| 653 | _aGeist | ||
| 653 | _aBlame | ||
| 653 | _aAnime | ||
| 653 | _aAkira | ||
| 653 | _aSato | ||
| 653 | _aKei | ||
| 653 | _a(VLB-Produktgruppen)TN000: E-Books | ||
| 653 | _a(Produktgruppe)00033: EMA.digital | ||
| 653 | _a(VLB-WN)9182: Manga, Manhwa/ | ||
| 653 | _aTosaki | ||
| 653 | _aKei Nagai | ||
| 653 | _aschwarzer Geist | ||
| 653 | _a(DDB-Sachgruppen)08: Comics, Cartoons, Karikaturen | ||
| 653 | _a(Produktgruppe)00004: Egmont Manga | ||
| 700 | 1 |
_81\p _0(DE-588)1325267120 _0https://d-nb.info/gnd/1325267120 _0(DE-101)1325267120 _aPeter, Claudia _d1941- _eÜbersetzer _4trl _2gnd |
|
| 710 | 2 |
_82\p _0(DE-588)1065555091 _0https://d-nb.info/gnd/1065555091 _0(DE-101)1065555091 _aEMA - Egmont Manga und Anime _eVerlag _4pbl _2gnd |
|
| 776 | 0 | 8 |
_iErscheint auch als _nDruck-Ausgabe _z9783770498017 |
| 856 | 4 | 0 | _uhttps://nbn-resolving.org/urn:nbn:de:101:1-2018070414144161274122 |
| 856 | 0 | _uhttps://d-nb.info/1162224088/34 | |
| 856 | 4 | _qepub | |
| 883 | 2 |
_81\p _adnb _d20240404 _qDE-101 _uhttps://d-nb.info/provenance/plan#dnb |
|
| 883 | 1 |
_82\p _aadb-pa _d20211003 _qDE-101 _uhttps://d-nb.info/provenance/plan#adb-pa |
|
| 883 | 0 |
_83\p _aaepsg _c0,99987 _d20180705 _qDE-101 _uhttps://d-nb.info/provenance/plan#aepsg |
|
| 942 |
_2ddc _cMGA _n0 |
||
| 999 |
_c1309 _d1309 |
||